000 00520nam a2200193 a 4500
001 1770118679504
003 YourLibrary
005 20260203171019.0
008 260203s2001##################000#0#eng##
020 _a9780199242726
082 0 4 _a302.35
_bLAZ
100 1 _aLazega, Emmanuel,
_eauthor.
245 1 0 _aThe Collegial Phenomenon :
260 _bOxford University Press, USA,
_c2001.
300 _a368 pages
650 0 _aBusiness & Economics.
942 _cENGLISH
040 _aYourLibrary
_beng
_cYourLibrary
999 _c610098
_d610098